| 000 | 00546nam a22001697a 4500 | ||
|---|---|---|---|
| 005 | 20240530110335.0 | ||
| 008 | 140907s2009 ua o r 000 0 ara d | ||
| 040 | _aEG-CaGPL | ||
| 082 | 0 | 4 |
_221 _a702.88 _bب ن |
| 100 | 1 | _aبرنارد ، تشيزارى | |
| 245 | 1 | 0 |
_aنظرية الترميم / _cبرنارد ، تشيزارى |
| 260 |
_aالقاهرة : _bالمجلس الاعلى للاثار ، _c2009 |
||
| 300 |
_a230 ص ؛ _c24 سم |
||
| 650 | 0 | 7 |
_aالاثار _xترميم |
| 700 | 0 | 0 |
_aزاهى حواس _eمقدم |
| 942 |
_2ddc _cBK |
||
| 999 |
_c59775 _d59775 |
||